[Event "ITA-ch U16"]
[Site "Merano"]
[Date "2008.07.07"]
[Round "2"]
[White "Ciano, Alessandro"]
[Black "Valsecchi, Alessio"]
[Result "0-1"]
[WhiteElo "1512"]
[BlackElo "2298"]
[PlyCount "48"]
[EventDate "2008.07.06"]
[EventType "swiss"]
[EventRounds "9"]
[EventCountry "ITA"]
[SourceTitle "EXT 2011"]
[Source "ChessBase"]
[SourceDate "2010.11.26"]
[SourceVersion "1"]
[SourceVersionDate "2010.11.26"]
[SourceQuality "1"]

1. d4 Nf6 2. c4 g6 3. Nc3 Bg7 4. e4 d6 5. Bd3 0-0 6. f3 c5 7. d5 e6 8. Nge2 exd5 9. cxd5 a6 10. Be3 Re8 11. 0-0 b5 12. b3 b4 13. Bd2 bxc3 14. Nxc3 a5 15. Rb1 Ba6 16. Bxa6 Nxa6 17. Nb5 Qb6 18. Qe2 c4+ 19. Be3 Qxb5 20. bxc4 Qd7 21. Rb6 Reb8 22. Rfb1 Qc7 23. Qb2 Nxd5 24. Bd4 Rxb6 0-1